[Event "HSK Osteropen 2024"]
[Site "Hamburg"]
[Date "2024.03.30"]
[Round "4.11"]
[White "Atri, Jamshid"]
[Black "Braun, Julian"]
[Result "1/2-1/2"]
[WhiteElo "1996"]
[BlackElo "1803"]
[PlyCount "116"]
[EventDate "2024.03.29"]

1. e4 e5 2. Nf3 Nc6 3. Bb5 a6 4. Ba4 Nf6 5. O-O Be7 6. Re1 b5 7. Bb3 d6 8. c3
O-O 9. h3 Nb8 10. d4 Nbd7 11. Nbd2 Bb7 12. Bc2 Re8 13. a4 c5 14. d5 Bf8 15. b4
Qc7 16. Nb3 Rec8 17. Ra2 bxa4 18. Na5 cxb4 19. cxb4 Nb6 20. Bd3 Qd7 21. Nd2 Rc3
22. Qe2 Rac8 23. Bb2 Nbxd5 24. exd5 Nxd5 25. Qe4 Rxd3 26. Qxd3 Nxb4 27. Qb1
Nxa2 28. Qxa2 Rc2 29. Ndc4 Qf5 30. Rf1 Bd5 31. Qb1 Qg6 32. Ne3 Be4 33. Qa1 Re2
34. Nac4 d5 35. Nxe5 Qg5 36. N5g4 h5 37. f4 Qh4 38. Rf2 Rxf2 39. Nxf2 Qxf4 40.
Bd4 Bd6 41. Qxa4 Kh7 42. Qxa6 Be7 43. Qe2 Bg5 44. Qxh5+ Kg8 45. Qg4 Qxg4 46.
Nexg4 f5 47. Nxe4 dxe4 48. Nh2 g6 49. Kf1 Bf4 50. Bg1 Kf7 51. Ke2 Ke6 52. Nf1
Bd6 53. g3 g5 54. h4 f4 55. gxf4 gxf4 56. Nh2 f3+ 57. Nxf3 exf3+ 58. Kxf3 Kf5
1/2-1/2

[Event "HSK Osteropen 2024"]
[Site "Hamburg"]
[Date "2024.03.30"]
[Round "4.12"]
[White "Rogozenco, Teodora"]
[Black "Ibe, Justus"]
[Result "1-0"]
[WhiteElo "1985"]
[BlackElo "1691"]
[PlyCount "55"]
[EventDate "2024.03.29"]

1. d4 d5 2. c4 c6 3. Nf3 e6 4. Nc3 Bd6 5. Bg5 Be7 6. Bf4 f5 7. Ne5 Nf6 8. g4
Nxg4 9. Nxg4 fxg4 10. e4 O-O 11. Qd2 dxe4 12. Nxe4 Bb4 13. Nc3 Qa5 14. h3 Bxc3
15. bxc3 Rxf4 16. Bd3 e5 17. c5 Qc7 18. hxg4 g6 19. O-O-O Bxg4 20. dxe5 Qxe5
21. Rde1 Qf6 22. Re8+ Kf7 23. Rhe1 Kg7 24. R8e7+ Kh6 25. R1e4 g5 26. Rxh7+ Kxh7
27. Rxf4+ Bf5 28. Rxf5 1-0

[Event "HSK Osteropen 2024"]
[Site "Hamburg"]
[Date "2024.03.30"]
[Round "4.14"]
[White "Moser, Axel"]
[Black "Gufeng, Mi"]
[Result "1-0"]
[WhiteElo "2087"]
[BlackElo "1723"]
[PlyCount "55"]
[EventDate "2024.03.29"]

1. e4 h5 2. Nf3 Rh6 3. Nc3 g6 4. d4 d6 5. Bxh6 Nxh6 6. h3 Bg7 7. Qd2 Nd7 8. Bc4
c6 9. a4 b6 10. O-O Bb7 11. Rfe1 e6 12. d5 cxd5 13. exd5 e5 14. Nd4 Kf8 15. Nc6
Qf6 16. Ne4 Qh4 17. Nxd6 Kg8 18. Re4 Qf6 19. Nxb7 Nf5 20. Rae1 Bh6 21. Qe2 Qg5
22. Nxe5 Nh4 23. Rxh4 Qxh4 24. Nxd7 Rc8 25. Nd6 Ra8 26. Qe7 Bg5 27. Qxf7+ Kh8
28. Nf5 1-0

[Event "HSK Osteropen 2024"]
[Site "Hamburg"]
[Date "2024.03.30"]
[Round "4.15"]
[White "Kellner, Anton"]
[Black "Schramm, Fynn"]
[Result "0-1"]
[WhiteElo "1690"]
[BlackElo "1959"]
[PlyCount "64"]
[EventDate "2024.03.29"]

1. e4 e5 2. Nf3 Nc6 3. Bc4 Bc5 4. c3 Nf6 5. d4 exd4 6. O-O O-O 7. cxd4 Be7 8.
e5 Ne4 9. d5 Na5 10. Bd3 f5 11. Qe1 b6 12. b4 Nb7 13. Bxe4 fxe4 14. Qxe4 a5 15.
b5 Nc5 16. Qc4 d6 17. e6 Qe8 18. Bb2 Qg6 19. Nbd2 Bb7 20. Rad1 Rf5 21. Qe2 Bxd5
22. g3 Nxe6 23. Nd4 Nxd4 24. Qxe7 Rf7 25. Qe3 Nxb5 26. a4 Na7 27. Qc3 Bb7 28.
Rfe1 Raf8 29. f4 Nc6 30. Kf1 Nb4 31. Nf3 h6 32. Nd4 Rxf4+ 0-1

[Event "HSK Osteropen 2024"]
[Site "Hamburg"]
[Date "2024.03.30"]
[Round "4.17"]
[White "Knaak, Michael"]
[Black "Stahl, Alexander"]
[Result "0-1"]
[WhiteElo "1892"]
[BlackElo "1710"]
[PlyCount "26"]
[EventDate "2024.03.29"]

1. e4 c6 2. d4 d5 3. exd5 cxd5 4. Bd3 Nc6 5. c3 g6 6. Bf4 Bg7 7. h3 Nh6 8. g4
f6 9. Qc2 e5 10. dxe5 fxe5 11. Bxg6+ hxg6 12. Qxg6+ Kf8 13. Bg5 Qd7 0-1

[Event "HSK Osteropen 2024"]
[Site "Hamburg"]
[Date "2024.03.30"]
[Round "4.18"]
[White "Morou, Halid"]
[Black "Schacht, David"]
[Result "1/2-1/2"]
[WhiteElo "1833"]
[BlackElo "1704"]
[PlyCount "98"]
[EventDate "2024.03.29"]

1. d4 Nf6 2. c4 e5 3. dxe5 Ng4 4. Nf3 Bc5 5. e3 Nc6 6. Nc3 a5 7. Be2 O-O 8. O-O
Ncxe5 9. Nd4 Qh4 10. h3 Nh6 11. Nd5 Ra6 12. b3 Rg6 13. Nf4 d6 14. Nxg6 fxg6 15.
Nf3 Nxf3+ 16. Bxf3 Qg5 17. Qd5+ Qxd5 18. Bxd5+ Kh8 19. Bb2 c6 20. Be4 Bf5 21.
Bxf5 gxf5 22. Bd4 Ba3 23. Rfd1 Ng8 24. Bc3 b6 25. Bd4 c5 26. Bc3 Nf6 27. f3 Ne8
28. Rd5 Bb4 29. Bxb4 axb4 30. a3 bxa3 31. Rxa3 g6 32. Ra6 Nc7 33. Rxb6 Nxd5 34.
cxd5 Rd8 35. Kf2 Rd7 36. Ke2 Kg7 37. Kd3 Kf6 38. f4 h6 39. Kc4 Ke7 40. Kb5 Rc7
41. Rb8 Ra7 42. Rh8 Rb7+ 43. Kc4 Rb4+ 44. Kc3 Kf7 45. Rh7+ Kf6 46. Rxh6 Kg7 47.
Rh4 Re4 48. Kd2 Rb4 49. Kc2 Re4 1/2-1/2

[Event "HSK Osteropen 2024"]
[Site "Hamburg"]
[Date "2024.03.30"]
[Round "4.19"]
[White "Grillmaier, Alexander"]
[Black "Malchereck, Romeo"]
[Result "1-0"]
[WhiteElo "1728"]
[BlackElo "1812"]
[PlyCount "77"]
[EventDate "2024.03.29"]

1. e4 c6 2. d4 d5 3. exd5 cxd5 4. Nc3 Nf6 5. Nf3 Bg4 6. Be2 Nc6 7. O-O e6 8.
Ne5 Bxe2 9. Nxe2 Bd6 10. Nxc6 bxc6 11. Bg5 O-O 12. Qd3 Be7 13. Ng3 Rb8 14. b3
h6 15. Bf4 Bd6 16. Be5 c5 17. Qa6 Qb6 18. Qxb6 Rxb6 19. Bxd6 Rxd6 20. dxc5 Rc6
21. b4 Rb8 22. a3 Kf8 23. Ne2 e5 24. f4 e4 25. Nd4 Rcc8 26. c6 a6 27. a4 Rxb4
28. c3 Rc4 29. Ra3 Ng8 30. Rb1 Ne7 31. Rb6 Nxc6 32. Nf5 Ne7 33. Nd6 Rxc3 34.
Rxc3 Rxc3 35. Rb8+ Nc8 36. Rxc8+ Rxc8 37. Nxc8 d4 38. Kf2 Ke8 39. Nd6+ 1-0

[Event "HSK Osteropen 2024"]
[Site "Hamburg"]
[Date "2024.03.30"]
[Round "4.20"]
[White "Seum, Ferdinand"]
[Black "Schranz, Patrick"]
[Result "1-0"]
[WhiteElo "1747"]
[BlackElo "1694"]
[PlyCount "141"]
[EventDate "2024.03.29"]

1. c4 e5 2. Nc3 Nf6 3. g3 Nc6 4. Bg2 Bc5 5. Nf3 O-O 6. O-O d6 7. h3 Be6 8. b3
Qd7 9. Kh2 Nd4 10. Ng5 c6 11. e3 Nf5 12. Nxe6 Qxe6 13. Bb2 d5 14. d4 Bd6 15.
dxe5 Bxe5 16. cxd5 cxd5 17. Rb1 Rad8 18. Ne2 b6 19. Nd4 Nxd4 20. Bxd4 Bxd4 21.
Qxd4 Rfe8 22. Rbd1 Qe5 23. Qxe5 Rxe5 24. Rd4 Kf8 25. Rfd1 Ke7 26. R1d3 Rc8 27.
f4 Rh5 28. Bf3 Rc2+ 29. Rd2 Rxd2+ 30. Rxd2 Rh6 31. g4 Nd7 32. Rxd5 Rd6 33. Kg3
Rxd5 34. Bxd5 Nc5 35. h4 Nd3 36. Be4 Nc1 37. Bb1 Ne2+ 38. Kf3 Nc3 39. Bxh7 g6
40. h5 Kf6 41. hxg6 fxg6 42. Bg8 Nxa2 43. Ke4 Nc3+ 44. Kd4 Nd1 45. e4 Nf2 46.
g5+ Ke7 47. Ke3 Nd1+ 48. Kf3 Nc3 49. f5 gxf5 50. exf5 Nb5 51. Ke4 Nd6+ 52. Ke5
Ne8 53. Bc4 Nc7 54. f6+ Kf8 55. g6 Ne8 56. g7+ Nxg7 57. fxg7+ Kxg7 58. Kd6 Kf6
59. Kc6 Ke7 60. Kb7 Kd7 61. Bb5+ Kd6 62. Kxa7 Kc5 63. Be8 Kb4 64. Bf7 Kb5 65.
Kb7 Kc5 66. Bc4 b5 67. Bf7 Kb4 68. Kb6 Kc3 69. Kxb5 Kd4 70. Kc6 Kc3 71. Kc5 1-0

[Event "HSK Osteropen 2024"]
[Site "Hamburg"]
[Date "2024.03.30"]
[Round "4.22"]
[White "Wokel, Justus"]
[Black "Bachschisade, Elvin"]
[Result "1/2-1/2"]
[WhiteElo "1694"]
[BlackElo "1791"]
[PlyCount "98"]
[EventDate "2024.03.29"]

1. d4 d5 2. c4 c6 3. Nc3 Nf6 4. cxd5 cxd5 5. Nf3 Nc6 6. Bg5 e6 7. e3 a6 8. a3
Bd6 9. Bd3 b5 10. b4 Bb7 11. O-O O-O 12. Nd2 Rc8 13. Nb3 Nxb4 14. Nxb5 axb5 15.
axb4 Bxb4 16. Bxb5 Qb6 17. Bxf6 gxf6 18. Bd3 f5 19. g4 Rc6 20. Kh1 Kh8 21. Nc5
Bxc5 22. dxc5 Rxc5 23. gxf5 exf5 24. Rb1 d4+ 25. e4 Qc6 26. f3 fxe4 27. Bxe4
Qd6 28. Rxb7 f5 29. Bd3 Qc6 30. Rb1 Rc8 31. Be2 Qd6 32. Qd3 Re8 33. Rbd1 Rce5
34. Rf2 Re3 35. Qa6 Qd8 36. Qc4 Qb6 37. Bd3 Qf6 38. Bf1 Rd8 39. Bg2 Qe5 40.
Rfd2 d3 41. Qh4 Re8 42. h3 Re2 43. Rxd3 Rg8 44. Rg1 Rexg2 45. Rxg2 Rxg2 46.
Kxg2 Qe2+ 47. Qf2 Qxd3 48. Qb2+ Kg8 49. Qb8+ Kg7 1/2-1/2

[Event "HSK Osteropen 2024"]
[Site "Hamburg"]
[Date "2024.03.30"]
[Round "4.23"]
[White "Marx, Jakob"]
[Black "Trede, Rouven-Peer"]
[Result "0-1"]
[WhiteElo "1665"]
[BlackElo "1785"]
[PlyCount "48"]
[EventDate "2024.03.29"]

1. e4 c5 2. c3 Nf6 3. e5 Nd5 4. d4 cxd4 5. Nf3 e6 6. cxd4 d6 7. Bb5+ Nc6 8. O-O
Be7 9. Nc3 Nxc3 10. bxc3 Bd7 11. Re1 Nxe5 12. Rxe5 dxe5 13. Bxd7+ Qxd7 14. Nxe5
Qb5 15. c4 Qa6 16. Qg4 Bf6 17. Bg5 Bxg5 18. Qxg5 O-O 19. Ng4 Kh8 20. h4 Qxc4
21. h5 Qd5 22. Qh4 Qxd4 23. Re1 f5 24. Ne5 Qxh4 0-1

[Event "HSK Osteropen 2024"]
[Site "Hamburg"]
[Date "2024.03.30"]
[Round "4.24"]
[White "Ihlow, Florian"]
[Black "Lasschuit, Rene"]
[Result "0-1"]
[WhiteElo "1604"]
[BlackElo "1763"]
[PlyCount "134"]
[EventDate "2024.03.29"]

1. Nc3 c5 2. e4 a6 3. Nf3 b5 4. a3 Bb7 5. d3 e6 6. Be2 d5 7. Bg5 Qc7 8. exd5
exd5 9. O-O Be7 10. Re1 Nf6 11. Bf1 O-O 12. Qe2 Bd8 13. Qe5 Nbd7 14. Qxc7 Bxc7
15. Nd2 Rfe8 16. Re2 h6 17. Bxf6 Nxf6 18. Rae1 Kf8 19. g3 d4 20. Nce4 Nxe4 21.
Nxe4 Ba5 22. Rb1 Bxe4 23. dxe4 Bb6 24. Rd2 c4 25. a4 Rad8 26. f3 d3+ 27. Kg2
dxc2 28. Rxc2 Rd6 29. axb5 axb5 30. g4 Red8 31. Re1 Rd2+ 32. Re2 Ba5 33. Rexd2
Rxd2+ 34. Rxd2 Bxd2 35. Kf2 Bc1 36. b3 cxb3 37. Bxb5 b2 38. Bd3 g5 39. h3 Ke7
40. Ke2 Kd6 41. Kd1 Ke5 42. Ke2 Kf4 43. Kf2 Be3+ 44. Kg2 Bd4 45. Bb1 Ke3 46.
Ba2 Be5 47. Bb1 Kd2 48. Kf1 Kc1 49. Ba2 b1=Q 50. Bxb1 Kxb1 51. Ke2 Kc2 52. Ke3
f6 53. Ke2 Bd4 54. Kf1 Kd3 55. Kg2 Ke3 56. Kg3 Be5+ 57. Kg2 Ke2 58. h4 gxh4 59.
Kh3 Bg3 60. f4 Bxf4 61. Kxh4 Kf3 62. Kh5 Kxe4 63. Kg6 Bg5 64. Kh5 Kf3 65. Kg6
Kxg4 66. Kf7 h5 67. Ke6 h4 0-1

[Event "HSK Osteropen 2024"]
[Site "Hamburg"]
[Date "2024.03.30"]
[Round "4.31"]
[White "Queißer, Jens"]
[Black "Wang, Huanying"]
[Result "1-0"]
[WhiteElo "1643"]
[BlackElo "1525"]
[PlyCount "91"]
[EventDate "2024.03.29"]

1. d4 e6 2. Nf3 Nc6 3. g3 d5 4. Bg2 Bd6 5. O-O Nf6 6. Nbd2 O-O 7. c4 b6 8. b3
a5 9. Bb2 Bb7 10. cxd5 exd5 11. Re1 Ne7 12. Qc2 Nc6 13. Rac1 Nb4 14. Qb1 Ba6
15. a3 Nd3 16. exd3 Bb7 17. Ne5 c6 18. Nxc6 Bxc6 19. Rxc6 Qb8 20. Nf3 Ra7 21.
Ne5 Re7 22. f4 Rfe8 23. Bh3 Bc7 24. Rec1 Rd8 25. a4 b5 26. axb5 Ne8 27. Ba3 Nd6
28. Bxd6 Bxd6 29. Rc8 Qb6 30. Rxd8+ Qxd8 31. Rc8 Bc7 32. Rxd8+ Bxd8 33. Nc6 Re8
34. Bd7 Rf8 35. Nxd8 Rxd8 36. Bc6 g6 37. Qe1 a4 38. bxa4 Kg7 39. Qe5+ Kg8 40.
Qe8+ Rxe8 41. Bxe8 Kf8 42. Bc6 Ke7 43. a5 f6 44. a6 Kd6 45. a7 h6 46. a8=Q 1-0

[Event "HSK Osteropen 2024"]
[Site "Hamburg"]
[Date "2024.03.31"]
[Round "5.1"]
[White "Böhm, Thomas"]
[Black "Woelk, Tom-Frederic"]
[Result "0-1"]
[WhiteElo "2164"]
[BlackElo "2345"]
[PlyCount "90"]
[EventDate "2024.03.29"]

1. d4 Nf6 2. Nf3 d5 3. g3 e6 4. Bg2 b5 5. a4 b4 6. c4 bxc3 7. bxc3 Ba6 8. O-O
Nbd7 9. Ba3 Bd6 10. Nbd2 Qe7 11. Bxd6 cxd6 12. Re1 O-O 13. a5 Rfc8 14. Qb3 Rc6
15. e3 Qd8 16. Rec1 Qc7 17. Qa3 Rc8 18. Rab1 h6 19. Rb3 Ne4 20. Nxe4 dxe4 21.
Nd2 d5 22. c4 Bxc4 23. Rbc3 Bb5 24. Rxc6 Bxc6 25. Qe7 Nb8 26. Qxc7 Rxc7 27. Bf1
Kf8 28. Nb3 Ke7 29. Be2 Rb7 30. Nc5 Rb2 31. Kf1 Kd6 32. Ke1 Ra2 33. Rb1 Kc7 34.
a6 Ba8 35. Rb3 Nc6 36. Rb1 Na5 37. Bb5 Nc4 38. Bxc4 dxc4 39. Rc1 Bd5 40. h4 Kc6
41. Rb1 e5 42. Rc1 f5 43. Rc3 Kb5 44. Rc1 exd4 45. exd4 Kb4 0-1

[Event "HSK Osteropen 2024"]
[Site "Hamburg"]
[Date "2024.03.31"]
[Round "5.2"]
[White "Popvasilev, Kaloyan"]
[Black "Wenzel, Birger"]
[Result "1/2-1/2"]
[WhiteElo "2226"]
[BlackElo "2028"]
[PlyCount "69"]
[EventDate "2024.03.29"]

1. e4 c6 2. Nc3 d5 3. Nf3 dxe4 4. Nxe4 Nf6 5. Qe2 Nxe4 6. Qxe4 Be6 7. b3 Nd7 8.
Bb2 Nf6 9. Qe2 Qa5 10. g3 O-O-O 11. Bg2 Bg4 12. O-O Qf5 13. d4 h5 14. h3 Bxf3
15. Qxf3 Qxf3 16. Bxf3 e6 17. c4 Bd6 18. Rad1 h4 19. g4 Bf4 20. Kg2 Kc7 21.
Rfe1 Rhg8 22. Be4 Nxe4 23. Rxe4 g5 24. Kf3 b5 25. Bc1 Bxc1 26. Rxc1 bxc4 27.
bxc4 f5 28. gxf5 exf5 29. Re7+ Rd7 30. Rxd7+ Kxd7 31. Re1 Re8 32. Rg1 Rg8 33.
Re1 Re8 34. Rg1 Rg8 35. Re1 1/2-1/2

[Event "HSK Osteropen 2024"]
[Site "Hamburg"]
[Date "2024.03.31"]
[Round "5.3"]
[White "Keyser, Robin"]
[Black "Holinka, Henning"]
[Result "1/2-1/2"]
[WhiteElo "2149"]
[BlackElo "2183"]
[PlyCount "48"]
[EventDate "2024.03.29"]

1. d4 d5 2. Nf3 e6 3. c4 c6 4. g3 dxc4 5. Bg2 b5 6. a4 Bb7 7. O-O Nf6 8. Ne5 a6
9. b3 cxb3 10. axb5 axb5 11. Rxa8 Bxa8 12. Qxb3 Qxd4 13. Bb2 Qb4 14. Qc2 Qc5
15. Qxc5 Bxc5 16. Rc1 Nfd7 17. Nd3 Bd6 18. Nc3 Ke7 19. Nxb5 cxb5 20. Bxa8 Nb6
21. Ra1 Nxa8 22. Rxa8 f6 23. Ra5 b4 24. Rb5 Na6 1/2-1/2

[Event "HSK Osteropen 2024"]
[Site "Hamburg"]
[Date "2024.03.31"]
[Round "5.4"]
[White "Kahlert, Thomas"]
[Black "Mix, Clemens"]
[Result "1-0"]
[WhiteElo "2122"]
[BlackElo "2032"]
[PlyCount "61"]
[EventDate "2024.03.29"]

1. c4 c5 2. Nf3 Nc6 3. Nc3 Nf6 4. g3 g6 5. Bg2 Bg7 6. d4 cxd4 7. Nxd4 O-O 8.
O-O d6 9. Nxc6 bxc6 10. Bxc6 Rb8 11. Bg2 Ba6 12. Qd3 Qa5 13. b3 d5 14. Bd2 dxc4
15. bxc4 Qc5 16. Be3 Qa5 17. Rab1 Rbd8 18. Qc2 Bxc4 19. h3 Rd7 20. Rfd1 Rxd1+
21. Rxd1 Rc8 22. Nd5 Nxd5 23. Bxd5 Ba6 24. Qb3 e6 25. Bf3 Bb5 26. Kg2 Rc3 27.
Bd2 Rxb3 28. Bxa5 Rb2 29. Rd8+ Bf8 30. Bc3 Rb1 31. Bf6 1-0

[Event "HSK Osteropen 2024"]
[Site "Hamburg"]
[Date "2024.03.31"]
[Round "5.7"]
[White "Dorendorf, Mika"]
[Black "Günther, Patrick"]
[Result "0-1"]
[WhiteElo "1844"]
[BlackElo "2023"]
[PlyCount "114"]
[EventDate "2024.03.29"]

1. d4 Nf6 2. c4 g6 3. Nc3 Bg7 4. e4 d6 5. Be2 O-O 6. Be3 Na6 7. f3 e5 8. d5 c6
9. Qd2 cxd5 10. cxd5 Nc5 11. Rc1 a5 12. Bxc5 dxc5 13. Bb5 Bd7 14. Nge2 Ne8 15.
O-O Nd6 16. a4 f5 17. Bxd7 Qxd7 18. Qc2 Bh6 19. Rb1 Nc4 20. Rfe1 Nd6 21. b3
Rac8 22. Qd3 Rc7 23. Nb5 Nxb5 24. axb5 Qd6 25. Ra1 b6 26. Ra4 Bg5 27. Nc3 f4
28. Kf1 h5 29. Ke2 Rfc8 30. Qc4 Bh6 31. Kd1 g5 32. Ra2 Rg7 33. Rae2 g4 34. Kc2
Kh7 35. Kb2 Bg5 36. Rf1 Be7 37. Rd1 Rcg8 38. Nb1 Rg6 39. Qd3 Qd7 40. Na3 Bd6
41. Nc4 Qxb5 42. Nxd6 Qxd3 43. Rxd3 Rxd6 44. Ka3 Kg6 45. Ka4 Kf7 46. Kb5 Ke7
47. Rd1 Kd7 48. Red2 gxf3 49. gxf3 h4 50. Re2 h3 51. Red2 Kc7 52. b4 cxb4 53.
Rc2+ Kb7 54. Rdc1 Rg7 55. Rc6 Rgd7 56. Rg1 b3 57. Rb1 Rxd5+ 0-1

[Event "HSK Osteropen 2024"]
[Site "Hamburg"]
[Date "2024.03.31"]
[Round "5.8"]
[White "Magnussen, Helge"]
[Black "Wiethüchter, Samuel"]
[Result "1/2-1/2"]
[WhiteElo "2084"]
[BlackElo "1857"]
[PlyCount "70"]
[EventDate "2024.03.29"]

1. d4 Nf6 2. c4 e6 3. Nc3 Bb4 4. e3 b6 5. Nge2 Bb7 6. a3 Be7 7. Ng3 h5 8. d5 e5
9. Nf5 g6 10. Nxe7 Qxe7 11. e4 Ng4 12. Be2 Nh6 13. d6 Qxd6 14. Qxd6 cxd6 15.
Nb5 Ke7 16. Nc7 Bxe4 17. Bf3 Bxf3 18. gxf3 Nf5 19. Nxa8 Na6 20. Bg5+ f6 21.
Nxb6 axb6 22. Be3 Nc5 23. Rd1 Ne6 24. Ke2 Nfd4+ 25. Bxd4 Nxd4+ 26. Rxd4 exd4
27. Kd3 d5 28. cxd5 Kd6 29. Kxd4 Rc8 30. Kd3 Kxd5 31. Re1 Kd6 32. Rg1 g5 33. h4
Rc5 34. hxg5 Rxg5 35. Rh1 Kd5 1/2-1/2

[Event "HSK Osteropen 2024"]
[Site "Hamburg"]
[Date "2024.03.31"]
[Round "5.9"]
[White "Braun, Julian"]
[Black "Moser, Axel"]
[Result "0-1"]
[WhiteElo "1803"]
[BlackElo "2087"]
[PlyCount "74"]
[EventDate "2024.03.29"]

1. e4 e5 2. Nf3 Nc6 3. Bc4 Nf6 4. d4 exd4 5. e5 d5 6. Bb5 Nd7 7. O-O Be7 8.
Bxc6 bxc6 9. Nxd4 Nb8 10. f4 O-O 11. c3 c5 12. Nc2 Nc6 13. Nd2 a5 14. Nf3 a4
15. Be3 Rb8 16. Rb1 Bf5 17. Qe2 Qd7 18. Rfd1 Qe6 19. Qf2 h6 20. b3 Qg6 21. Rd2
Be4 22. Rb2 axb3 23. axb3 Na5 24. Na1 Rb5 25. h3 Rfb8 26. Kh2 Qc6 27. b4 Nc4
28. Nb3 Nxb2 29. Rxb2 d4 30. cxd4 Rxb4 31. Nfd2 Bd5 32. Na5 Qa4 33. Rxb4 Qxb4
34. f5 Qxa5 35. f6 Bf8 36. Qg3 g6 37. h4 h5 0-1

[Event "HSK Osteropen 2024"]
[Site "Hamburg"]
[Date "2024.03.31"]
[Round "5.10"]
[White "Stahl, Alexander"]
[Black "Atri, Jamshid"]
[Result "1-0"]
[WhiteElo "1710"]
[BlackElo "1996"]
[PlyCount "93"]
[EventDate "2024.03.29"]

1. d4 Nf6 2. c4 e6 3. Nf3 d5 4. g3 Be7 5. Bg2 O-O 6. O-O dxc4 7. Qc2 a6 8. Qxc4
b5 9. Qc2 Bb7 10. Bg5 Nbd7 11. Bxf6 Nxf6 12. Nbd2 Rc8 13. Nb3 Be4 14. Qc3 Qd5
15. Rac1 Rfd8 16. Nc5 Bxf3 17. Bxf3 Qxd4 18. Nxa6 Qxc3 19. Rxc3 Nd5 20. Bxd5
Rxd5 21. Nxc7 Rd2 22. Nxb5 Rxc3 23. Nxc3 Rxb2 24. Rb1 Rc2 25. Rb8+ Bf8 26. Rb3
g6 27. a4 h5 28. e3 h4 29. Kg2 h3+ 30. Kxh3 Rxf2 31. a5 Rf1 32. Rb1 Rf5 33. a6
Ra5 34. Rb6 Kg7 35. Kg4 Be7 36. Rb7 f5+ 37. Kf3 Kf6 38. a7 g5 39. h3 Bd6 40. e4
Ra3 41. Kg2 Ra5 42. exf5 exf5 43. Nd5+ Ke5 44. Nb6 Ra2+ 45. Kf1 Ra1+ 46. Ke2
Ra2+ 47. Kd1 1-0

[Event "HSK Osteropen 2024"]
[Site "Hamburg"]
[Date "2024.03.31"]
[Round "5.11"]
[White "Schramm, Fynn"]
[Black "Grillmaier, Alexander"]
[Result "1/2-1/2"]
[WhiteElo "1959"]
[BlackElo "1728"]
[PlyCount "86"]
[EventDate "2024.03.29"]

1. e4 e5 2. Nf3 Nc6 3. Bb5 d6 4. d4 exd4 5. Nxd4 Bd7 6. Nc3 Nf6 7. h3 Nxd4 8.
Bxd7+ Qxd7 9. Qxd4 Be7 10. Be3 O-O 11. O-O-O Qc6 12. f4 Rad8 13. Rhe1 Nd7 14.
Nd5 Bf6 15. Qd3 Qa4 16. Kb1 c6 17. Nxf6+ Nxf6 18. Bd4 Ne8 19. b3 Qa5 20. Re3 a6
21. Rg3 f6 22. Qe3 Rd7 23. Bc3 Qh5 24. Rd2 Rff7 25. e5 dxe5 26. fxe5 Rxd2 27.
Qxd2 fxe5 28. Rg5 Rf1+ 29. Kb2 Qd1 30. Qxd1 Rxd1 31. Rxe5 Kf7 32. Bb4 Rd7 33.
g4 Nc7 34. c4 Ne6 35. Rf5+ Ke8 36. Re5 Kf7 37. Kc3 g6 38. a4 Nf4 39. Re3 Kf6
40. Bc5 Ne6 41. Rf3+ Kg5 42. Be3+ Kh4 43. Bf2+ Kg5 1/2-1/2

[Event "HSK Osteropen 2024"]
[Site "Hamburg"]
[Date "2024.03.31"]
[Round "5.12"]
[White "Lehmkuhl, Stefan"]
[Black "Seum, Ferdinand"]
[Result "0-1"]
[WhiteElo "1900"]
[BlackElo "1747"]
[PlyCount "91"]
[EventDate "2024.03.29"]

1. d4 Nf6 2. Bg5 Ne4 3. Bh4 c5 4. Nd2 Nxd2 5. Qxd2 Qb6 6. O-O-O cxd4 7. Qxd4
Qxd4 8. Rxd4 Nc6 9. Rd1 e5 10. e4 Be7 11. Bxe7 Kxe7 12. Bc4 a6 13. Nf3 h6 14.
Bd5 d6 15. h3 Be6 16. Kb1 Rac8 17. Rd2 Rhd8 18. Rhd1 Bxd5 19. Rxd5 Ke6 20. c3
Ne7 21. R5d3 d5 22. g3 Rd7 23. Ne1 Rcd8 24. exd5+ Rxd5 25. Kc2 f5 26. Rxd5 Rxd5
27. Nd3 g5 28. c4 Ra5 29. Kb1 e4 30. b4 Ra3 31. Nc5+ Ke5 32. Nxb7 Rd3 33. Kc2
Nc6 34. Rxd3 Nxb4+ 35. Kd2 Nxd3 36. f3 f4 37. gxf4+ Nxf4 38. fxe4 Kxe4 39. Nd6+
Kd4 40. h4 gxh4 41. Nf5+ Kxc4 42. Nxh4 Kb4 43. Kc2 Ka3 44. Kb1 Ne2 45. Nf5 h5
46. Ne3 0-1

[Event "HSK Osteropen 2024"]
[Site "Hamburg"]
[Date "2024.03.31"]
[Round "5.13"]
[White "Zenker, Ulrich"]
[Black "Morou, Halid"]
[Result "1-0"]
[WhiteElo "2115"]
[BlackElo "1833"]
[PlyCount "79"]
[EventDate "2024.03.29"]

1. c4 e6 2. Nf3 Nf6 3. e3 c5 4. Nc3 d5 5. d4 Nc6 6. a3 a6 7. dxc5 Bxc5 8. b4
Ba7 9. Bb2 O-O 10. Qc2 Qe7 11. Bd3 Rd8 12. O-O dxc4 13. Bxc4 e5 14. Ng5 Be6 15.
Bxe6 fxe6 16. Qb3 Nd5 17. Nge4 Rac8 18. Rad1 Kh8 19. Nxd5 exd5 20. Rxd5 Rxd5
21. Qxd5 Rd8 22. Qc4 Qh4 23. g3 Qh6 24. a4 Rf8 25. b5 axb5 26. axb5 Ne7 27.
Bxe5 Bxe3 28. Bd6 Rc8 29. Qf7 Ng6 30. fxe3 Qxe3+ 31. Nf2 Rd8 32. Qxb7 h6 33.
Qe4 Qb6 34. Qxg6 Rxd6 35. Qe8+ Kh7 36. Kg2 Rd2 37. Qe4+ Kg8 38. Qc4+ Kh8 39.
Qc8+ Kh7 40. Qf5+ 1-0

[Event "HSK Osteropen 2024"]
[Site "Hamburg"]
[Date "2024.03.31"]
[Round "5.14"]
[White "Trede, Rouven-Peer"]
[Black "Schell, Franz Jürgen"]
[Result "0-1"]
[WhiteElo "1785"]
[BlackElo "2029"]
[PlyCount "50"]
[EventDate "2024.03.29"]

1. e4 c5 2. Nf3 e6 3. d4 cxd4 4. Nxd4 a6 5. c4 Nf6 6. Bd3 Nc6 7. Nxc6 dxc6 8.
O-O e5 9. h3 Nd7 10. Qf3 Be7 11. Qg3 O-O 12. Rd1 Qc7 13. Bh6 Bf6 14. Nd2 Nc5
15. Bc2 Ne6 16. Nf1 Nf4 17. Rd2 Kh8 18. Bg5 Bxg5 19. Qxg5 Bxh3 20. Ne3 Bxg2 21.
Kh2 Bh3 22. Rg1 f6 23. Qh4 Rad8 24. Rdd1 Rxd1 25. Bxd1 g5 0-1

[Event "HSK Osteropen 2024"]
[Site "Hamburg"]
[Date "2024.03.31"]
[Round "5.15"]
[White "Debertshäuser, Jörn"]
[Black "Lasschuit, Rene"]
[Result "1-0"]
[WhiteElo "2010"]
[BlackElo "1763"]
[PlyCount "121"]
[EventDate "2024.03.29"]

1. e4 c5 2. c3 Nf6 3. e5 Nd5 4. d4 d6 5. Nf3 cxd4 6. cxd4 Nc6 7. Bc4 Be6 8. Ng5
Qa5+ 9. Bd2 Qb6 10. Nxe6 fxe6 11. Bxd5 exd5 12. exd6 Qxd4 13. O-O e5 14. Qh5+
g6 15. d7+ Kxd7 16. Qh3+ Ke8 17. Qe6+ Be7 18. Bc3 Qf4 19. Qxd5 Rd8 20. Qb3 Rd7
21. Na3 Nd4 22. Bxd4 exd4 23. Rac1 Kf8 24. Qb5 Qd6 25. Nc4 Qd5 26. Qxd5 Rxd5
27. Rfd1 Kg7 28. Nd2 Rhd8 29. Rc7 R8d7 30. Rxd7 Rxd7 31. Kf1 d3 32. Ne4 Bb4 33.
f3 Kf7 34. a3 Ba5 35. Nf2 d2 36. Ne4 Rd3 37. Ke2 Rb3 38. Nd6+ Ke6 39. Nc4 Bc7
40. Rxd2 Bxh2 41. Kd1 b5 42. Na5 Re3 43. Nc6 a6 44. Kc2 Bc7 45. Nb4 Ba5 46. Rf2
Kf5 47. Nxa6 Kf4 48. Nb4 Kg3 49. Rd2 h5 50. Kd1 h4 51. Rd4 Kxg2 52. Rxh4 Kxf3
53. Rh3+ Ke4 54. Rh4+ Kf5 55. Nc6 Bb6 56. Rb4 Rd3+ 57. Kc2 Rd5 58. Ne7+ Ke5 59.
Nxd5 Kxd5 60. Rxb5+ Kc6 61. Rg5 1-0

[Event "HSK Osteropen 2024"]
[Site "Hamburg"]
[Date "2024.03.31"]
[Round "5.16"]
[White "Kohtz, Andreas"]
[Black "Klaeke, Gregor"]
[Result "1-0"]
[WhiteElo "1981"]
[BlackElo "1744"]
[PlyCount "83"]
[EventDate "2024.03.29"]

1. d4 e6 2. Bf4 d5 3. e3 c5 4. c3 Nc6 5. Nf3 a6 6. Bd3 c4 7. Bc2 Bd6 8. Bxd6
Qxd6 9. e4 dxe4 10. Bxe4 Nge7 11. Nbd2 b5 12. a4 Rb8 13. axb5 axb5 14. O-O O-O
15. Re1 Bb7 16. Bc2 Ra8 17. Qe2 Rxa1 18. Rxa1 Nd5 19. Ne4 Qe7 20. Nc5 Ra8 21.
Rxa8+ Bxa8 22. Be4 Qd6 23. Ng5 g6 24. Qf3 Nd8 25. Qh3 h5 26. Bxd5 Bxd5 27. Nge4
Bxe4 28. Nxe4 Qf4 29. Qe3 Qxe3 30. fxe3 Nb7 31. Kf2 Kf8 32. Kf3 Ke7 33. Nd2 Nd6
34. e4 Nb7 35. Nb1 Kd7 36. e5 g5 37. Nd2 f6 38. exf6 Nd6 39. Ne4 Nf7 40. h4
gxh4 41. Kf4 Kc6 42. Ng5 1-0

[Event "HSK Osteropen 2024"]
[Site "Hamburg"]
[Date "2024.03.31"]
[Round "5.17"]
[White "Schacht, David"]
[Black "Fabig, Holger"]
[Result "0-1"]
[WhiteElo "1704"]
[BlackElo "1980"]
[PlyCount "86"]
[EventDate "2024.03.29"]

1. b3 e5 2. Bb2 Nc6 3. e3 d5 4. Bb5 Bd6 5. Nf3 Qe7 6. O-O Nf6 7. d4 e4 8. Ne5
Bd7 9. Nxd7 Nxd7 10. c4 dxc4 11. bxc4 Qh4 12. h3 O-O 13. c5 Be7 14. d5 Nce5 15.
c6 bxc6 16. dxc6 Bf6 17. Nc3 Nc5 18. Qd5 Ncd3 19. Ba3 Nf3+ 20. gxf3 Bxc3 21.
Qxe4 Qg5+ 22. Kh1 Qxb5 23. Rab1 Qa6 24. Bxf8 Rxf8 25. Rb3 Nc5 26. Qb1 Nxb3 27.
axb3 Qxc6 28. Qe4 Qxe4 29. fxe4 c5 30. Kg2 Rb8 31. Rd1 f6 32. Rd5 Bb4 33. Kf3
Rb7 34. Ke2 Kf7 35. f4 Ke7 36. e5 Rd7 37. exf6+ gxf6 38. Rh5 Ke6 39. Kf3 a5 40.
h4 Ra7 41. Ke4 c4 42. bxc4 a4 43. Rb5 a3 0-1